[Event "Raipur Chhattisgarh"]
[Site "Raipur"]
[Date "2022.09.25"]
[Round "7"]
[White "Viani, Antonio Dcunha"]
[Black "Praloy, Sahoo"]
[Result "1/2-1/2"]
[WhiteElo "2348"]
[BlackElo "2117"]
[PlyCount "83"]
[EventDate "2022.09.19"]
[EventType "swiss"]
[EventRounds "10"]
[EventCountry "IND"]
[SourceTitle "CBM 210 Extra"]
[Source "ChessBase"]
[SourceDate "2022.11.30"]
[SourceVersion "1"]
[SourceVersionDate "2022.11.30"]
[SourceQuality "1"]

1. e4 e6 2. d4 d5 3. Nc3 dxe4 4. Nxe4 Nd7 5. Nf3 Ngf6 6. Bd3 c5 7. 0-0 Nxe4 8. Bxe4 Nf6 9. Qe2 cxd4 10. Rd1 Qb6 11. a4 a5 12. b3 Bc5 13. Bb2 0-0 14. Bxd4 Bxd4 15. Nxd4 e5 16. Nb5 Bg4 17. Bf3 Bxf3 18. Qxf3 Rad8 19. h3 g6 20. c4 Nh5 21. Qe4 f6 22. Rac1 Nf4 23. c5 Qc6 24. Qc4+ Kg7 25. f3 b6 26. Rd6 Qxc5+ 27. Qxc5 bxc5 28. Rxc5 h5 29. Rc7+ Kh6 30. Ra7 Rc8 31. Rd2 Rc1+ 32. Kf2 h4 33. Nd6 Rb8 34. Rb7 Ra8 35. Ne4 Ra6 36. Rf7 f5 37. Nd6 Rxd6 38. Rxd6 Rc2+ 39. Kf1 Rc1+ 40. Kf2 Rc2+ 41. Kf1 Rc1+ 42. Kf2 1/2-1/2

[Event "Raipur Chhattisgarh"]
[Site "Raipur"]
[Date "2022.09.23"]
[Round "5"]
[White "Aradhya, Garg"]
[Black "Praloy, Sahoo"]
[Result "1/2-1/2"]
[WhiteElo "2332"]
[BlackElo "2117"]
[PlyCount "83"]
[EventDate "2022.09.19"]
[EventType "swiss"]
[EventRounds "10"]
[EventCountry "IND"]
[SourceTitle "CBM 210 Extra"]
[Source "ChessBase"]
[SourceDate "2022.11.30"]
[SourceVersion "1"]
[SourceVersionDate "2022.11.30"]
[SourceQuality "1"]

1. d4 d5 2. c4 c6 3. cxd5 cxd5 4. Bf4 Nc6 5. e3 Nf6 6. Nc3 a6 7. Bd3 Bg4 8. Nge2 e6 9. 0-0 Bd6 10. f3 Bh5 11. Rc1 0-0 12. Bg5 Be7 13. Nf4 Bg6 14. Nxg6 hxg6 15. Bh4 Rc8 16. Bf2 Nd7 17. Qe2 Nb6 18. Rfd1 Rc7 19. Qe1 Qd7 20. e4 Bg5 21. Rb1 Nb4 22. Bf1 Na4 23. Nb5 Nc2 24. Qa5 axb5 25. Bxb5 Qe7 26. Bxa4 dxe4 27. Bg3 Be3+ 28. Kh1 Rcc8 29. fxe4 Ra8 30. Qc3 Rxa4 31. Qxc2 Rxd4 32. Rd3 Qg5 33. Re1 Rxd3 34. Qxd3 Bd2 35. Rf1 Rd8 36. Qf3 Rd7 37. Rd1 Qd8 38. e5 Rd5 39. h4 Rd3 40. Qg4 Qd5 41. b3 Bc3 42. Rxd3 1/2-1/2

[Event "Raipur Chhattisgarh"]
[Site "Raipur"]
[Date "2022.09.21"]
[Round "3"]
[White "Ilamparthi, AR."]
[Black "Praloy, Sahoo"]
[Result "1/2-1/2"]
[WhiteElo "2269"]
[BlackElo "2117"]
[PlyCount "98"]
[EventDate "2022.09.19"]
[EventType "swiss"]
[EventRounds "10"]
[EventCountry "IND"]
[SourceTitle "CBM 210 Extra"]
[Source "ChessBase"]
[SourceDate "2022.11.30"]
[SourceVersion "1"]
[SourceVersionDate "2022.11.30"]
[SourceQuality "1"]

1. e4 e6 2. d3 d5 3. Nd2 Nf6 4. Ngf3 Nc6 5. c3 a5 6. e5 Nd7 7. d4 f6 8. Bb5 fxe5 9. dxe5 Be7 10. Qe2 0-0 11. Bd3 Nc5 12. Bb1 b6 13. Nd4 Qe8 14. Qe3 Ba6 15. N2f3 Nxd4 16. Nxd4 Qh5 17. Bd2 Ne4 18. Bxe4 dxe4 19. Qxe4 Bc5 20. g4 Qf7 21. f4 Bxd4 22. Qxd4 Rad8 23. Qf2 Qg6 24. 0-0-0 Qxg4 25. Rhg1 Qf5 26. Qh4 Be2 27. Qe7 g6 28. Rg5 Qf7 29. Qxf7+ Rxf7 30. Re1 Bf3 31. Rf1 Rfd7 32. Rf2 Be4 33. Rg3 a4 34. c4 Bd3 35. b3 Kf7 36. Re3 Ra8 37. Bc3 Bf5 38. Rg2 Ke8 39. Re1 Rd3 40. Rg3 Rd7 41. Rg2 h5 42. Rgg1 Bg4 43. Rg2 Rd3 44. Rg3 Rdd8 45. Kb2 Ra6 46. Rgg1 Kd7 47. Rg2 Kc6 48. Rd2 Rf8 49. b4 b5 1/2-1/2

[Event "IND-ch U15"]
[Site "Tiruchengode"]
[Date "2019.07.16"]
[Round "10"]
[White "Ilamparthi, AR."]
[Black "Praloy, Sahoo"]
[Result "0-1"]
[WhiteElo "2036"]
[BlackElo "1905"]
[PlyCount "120"]
[EventDate "2019.07.09"]
[EventType "swiss"]
[EventRounds "11"]
[EventCountry "IND"]
[SourceTitle "EXT 2020"]
[Source "ChessBase"]
[SourceDate "2019.10.17"]
[SourceVersion "1"]
[SourceVersionDate "2019.10.17"]
[SourceQuality "1"]

1. d4 d5 2. Nc3 Nf6 3. Bf4 Bf5 4. Nf3 e6 5. Nb5 Na6 6. e3 c6 7. Nc3 Qb6 8. Rb1 Nb4 9. Bd3 Nxd3+ 10. cxd3 Be7 11. Ne5 h6 12. 0-0 0-0 13. Qe2 Rac8 14. Rfc1 c5 15. e4 dxe4 16. dxe4 Bh7 17. dxc5 Bxc5 18. Na4 Qa5 19. Nxc5 Rxc5 20. Rxc5 Qxc5 21. Rc1 Qa5 22. f3 Nh5 23. Qd2 Qb5 24. Nd7 Nxf4 25. Rc5 Qd3 26. Qxd3 Nxd3 27. Rc3 Nf4 28. Rc7 Ra8 29. Rxb7 Bg6 30. g3 Nh3+ 31. Kg2 Ng5 32. Ne5 Rc8 33. h4 Rc2+ 34. Kf1 Nh3 35. Rb8+ Kh7 36. Nd7 h5 37. Nf8+ Kh6 38. Nd7 Bh7 39. Ne5 f5 40. Nf7+ Kg6 41. Rf8 Bg8 42. Nd6 fxe4 43. Nxe4 Bf7 44. g4 Nf4 45. Nd6 Rc7 46. b3 e5 47. g5 Be6 48. Re8 Rc1+ 49. Kf2 Rc2+ 50. Ke1 Rc6 51. Ne4 Ng2+ 52. Kd2 Nxh4 53. Ke3 Nf5+ 54. Kf2 Nd4 55. Ke3 Rc8 56. Rxc8 Bxc8 57. Nd6 Nf5+ 58. Nxf5 Kxf5 59. b4 Bb7 60. a4 Kxg5 0-1

[Event "Kolkata Bengal op"]
[Site "Kolkata"]
[Date "2019.03.20"]
[Round "9"]
[White "Praloy, Sahoo"]
[Black "Shankhodip, De"]
[Result "1/2-1/2"]
[WhiteElo "1849"]
[BlackElo "1507"]
[PlyCount "63"]
[EventDate "2019.03.15"]
[EventType "swiss"]
[EventRounds "9"]
[EventCountry "IND"]
[SourceTitle "CBM 190 Extra"]
[Source "ChessBase"]
[SourceDate "2019.07.15"]
[SourceVersion "1"]
[SourceVersionDate "2019.07.15"]
[SourceQuality "1"]

1. e4 c5 2. Nf3 e6 3. Nc3 a6 4. g3 Be7 5. Bg2 d6 6. 0-0 Nf6 7. d4 cxd4 8. Nxd4 Qc7 9. a4 0-0 10. h3 Nbd7 11. Kh2 Rb8 12. f4 Nb6 13. Qe1 e5 14. Nb3 Be6 15. a5 Nbd7 16. Nd2 Nc5 17. f5 Bd7 18. Qe3 Bc6 19. g4 d5 20. exd5 e4+ 21. Kh1 Nxd5 22. Nxd5 Bxd5 23. b4 Nd7 24. Bb2 Bf6 25. Bxf6 Nxf6 26. c4 Bc6 27. Rfc1 Rbd8 28. Rab1 Rd3 29. Qe2 Rfd8 30. Nf1 e3 31. Rd1 Bxg2+ 32. Kxg2 1/2-1/2

[Event "New Delhi Parsvnath op-B 17th"]
[Site "New Delhi"]
[Date "2019.01.10"]
[Round "5"]
[White "Praloy, Sahoo"]
[Black "Gupta, Rajesh RS"]
[Result "1/2-1/2"]
[WhiteElo "1795"]
[BlackElo "1605"]
[PlyCount "71"]
[EventDate "2019.01.09"]
[EventType "swiss"]
[EventRounds "10"]
[EventCountry "IND"]
[SourceTitle "CBM 189 Extra"]
[Source "ChessBase"]
[SourceDate "2019.06.03"]
[SourceVersion "1"]
[SourceVersionDate "2019.06.03"]
[SourceQuality "1"]

1. e4 c5 2. Nf3 d6 3. d4 cxd4 4. Nxd4 Nf6 5. Nc3 a6 6. g3 e5 7. Nde2 Be7 8. Bg2 0-0 9. 0-0 Be6 10. h3 b5 11. a3 Nbd7 12. g4 Nb6 13. Bg5 Rc8 14. Ng3 Nc4 15. b3 Nxa3 16. Rxa3 Rxc3 17. Rxa6 Qc8 18. Ra2 Rd8 19. Bd2 Rc6 20. Bb4 Ra6 21. Rxa6 Qxa6 22. Qd3 g6 23. Rd1 Qc6 24. Bf1 Ne8 25. Ne2 Rc8 26. Nc3 Bd7 27. Qxb5 Qxb5 28. Nxb5 Rxc2 29. Rd2 Rc1 30. Nc3 Be6 31. Rb2 h5 32. f3 hxg4 33. hxg4 Bd8 34. Kg2 Bb6 35. Ne2 Rc8 36. Be1 1/2-1/2